000 00579nam a2200181 i 4500
001 103762
003 ES-MaACL
005 20230906183435.0
007 t|
008 051117s1967 sp ||||1| spa d
100 1 _aMeschkowski, Herbert.
_980650
245 1 0 _aIntroducción a la Matemática Moderna /
_cHerbert Meschkowski; traducido... por Juan Ochoa Mélida.
250 _a[1ª ed.].
260 _aMadrid :
_bSelecciones Científicas,
_c1967.
300 _aVIII, 205 p. :
_bil. ;
_c22 cm.
700 1 _aOchoa Mélida, Juan.
_986492
852 _aES-MaACL
_jG-5559
_bR.65468
999 _c103762
_d103762